Autismo y psicosis infantiles

Guardat en:
Dades bibliogràfiques
Autor principal: Tustín, Frances (Autor)
Format: Llibre
Idioma:espanyol
Publicat: Barcelona Paidós 1977
Col·lecció:Biblioteca de psiquiatría, psicopatología y psicosomática. Serie Mayor, 22
Matèries:
Etiquetes: Afegir etiqueta
Sense etiquetes, Sigues el primer a etiquetar aquest registre!

MARC

LEADER 00000nam a2200000 a 4500
001 UCW7758
003 CL-VaPUC
008 930824e19770000SP |||||||||||||||||spa|d
082 0 4 |a 616.898  |b TUS  |2 21 
100 0 |a Tustín, Frances  |e author  |9 312963 
245 1 0 |a Autismo y psicosis infantiles 
300 |a 164 p 
942 |c BK 
945 |d 19930824 00:00:00 
260 |a Barcelona  |b Paidós  |c 1977 
650 0 |a Autismo  |9 307911 
650 7 |a PSICOPATOLOGIA INFANTIL  |2 CL-VaPUC  |9 307474 
650 7 |a PSICOSIS EN NIÑOS  |2 CL-VaPUC  |9 312964 
583 |a last modification  |c 19930824 00:00:00  |k Rodrigo Vera 
490 0 |a Biblioteca de psiquiatría, psicopatología y psicosomática. Serie Mayor, 22 
999 |c 220421  |d 220419 
952 |0 0  |1 0  |4 0  |6 616_898000000000000_TUS_1977  |7 0  |8 A  |9 212625  |a BIBEDU  |b BIBEDU  |c ES_NOD  |d 2019-11-15  |i 2808110  |o 616.898 TUS 1977  |p 2808110  |r 2023-08-09  |w 2019-11-15  |y BK  |k EDU 
952 |0 0  |1 0  |4 0  |6 616_898000000000000_TUS_1977  |7 0  |8 A  |9 212626  |a BIBEDU  |b BIBEDU  |c ES_NOD  |d 2019-11-15  |i 155140K  |o 616.898 TUS 1977  |p 155140K  |r 2023-08-09  |w 2019-11-15  |y BK  |k EDU